TV Show by IMDb Plot Keywords II Quiz Stats

 Plays Quiz Updated Apr 22, 2016

Challenge
Share
Tweet
Embed
Score 0/30 Timer 05:00
3 Plays Today
% Correct
House, M.D.
89.1%
Sons of Anarchy
87.8%
The Simpsons
85.8%
Seinfeld
84.6%
Sex and the City
84.6%
The Brady Bunch
83.8%
Modern Family
82.3%
Charmed
81.6%
Bones
81%
Once Upon a Time
80.6%
Sherlock
80.6%
South Park
79.6%
Everybody Loves Raymond
78.3%
How I Met Your Mother
76.7%
Bob's Burgers
76.7%
% Correct
Rescue Me
76.2%
Better Call Saul
75.8%
The Good Wife
75.5%
Parks and Recreation
75.5%
Gilmore Girls
75%
Buffy the Vampire Slayer
74.8%
Gossip Girl
74.7%
House of Cards
74.6%
The Wire
72.3%
Heroes
72.2%
Boy Meets World
71.1%
Community
70.9%
Castle
65.4%
True Blood
64.4%
Mr. Robot
62.8%

You're not logged in!

Compare scores with friends on all Sporcle quizzes.
OR
Log In

You Might Also Like...

Show Comments

Extras

Top Quizzes Today


Score Distribution

Your Account Isn't Verified!

In order to create a playlist on Sporcle, you need to verify the email address you used during registration. Go to your Sporcle Settings to finish the process.

Report this User

Report this user for behavior that violates our Community Guidelines.

Details: